Životný cyklus produktu v manažérskych systémoch
Prezentácia metódy životného cyklu produktu a jej význam v kontexte s posudzovaním environmentálnych aspektov a vplyvov od jeho vzniku až po ukončenie jeho životnosti.
Enregistré dans:
| Auteur principal: | |
|---|---|
| Format: | Chapitre de livre |
| Langue: | slovaque |
| Sujets: | |
| Tags: |
Pas de tags, Soyez le premier à ajouter un tag!
|
MARC
| LEADER | 00000naa a2200000 4500 | ||
|---|---|---|---|
| 001 | 0181678 | ||
| 005 | 20240502073120.9 | ||
| 041 | 0 | |a slo | |
| 044 | |a SK | ||
| 245 | 1 | 0 | |a Životný cyklus produktu v manažérskych systémoch |c Vojtech Kollár |
| 520 | |a Prezentácia metódy životného cyklu produktu a jej význam v kontexte s posudzovaním environmentálnych aspektov a vplyvov od jeho vzniku až po ukončenie jeho životnosti. | ||
| 610 | 2 | 0 | |a systémy integrované manažérske |
| 610 | 2 | 0 | |a cyklus výrobku životný |
| 610 | 2 | 0 | |a rozvoj trvalo udržateľný |
| 610 | 2 | 0 | |a prostredie životné |
| 100 | 1 | |a Kollár, Vojtech | |